<?xml version="1.0" encoding="UTF-8"?>
<collection xmlns:xsi="http://www.w3.org/2001/XMLSchema-instance" xsi:schemaLocation="http://www.loc.gov/MARC21/slim http://www.loc.gov/standards/marcxml/schema/MARC21slim.xsd" xmlns="http://www.loc.gov/MARC21/slim">
 <record>
  <leader>00000ctm a22000003a 4500</leader>
  <controlfield tag="001">UP-8027390931316262499</controlfield>
  <controlfield tag="003">Buklod</controlfield>
  <controlfield tag="005">20160813124421.0</controlfield>
  <controlfield tag="006">a     r    |||| u|</controlfield>
  <controlfield tag="007">ta</controlfield>
  <controlfield tag="008">160813s        xx     d     r    |||| u|</controlfield>
  <datafield tag="035" ind1=" " ind2=" ">
   <subfield code="a">(iLib)UPMIN-00008835678</subfield>
  </datafield>
  <datafield tag="040" ind1=" " ind2=" ">
   <subfield code="a">upmin</subfield>
  </datafield>
  <datafield tag="041" ind1=" " ind2=" ">
   <subfield code="a">eng</subfield>
  </datafield>
  <datafield tag="090" ind1=" " ind2="0">
   <subfield code="a">LG993.2 2010 M21</subfield>
   <subfield code="b">S25</subfield>
  </datafield>
  <datafield tag="100" ind1="1" ind2=" ">
   <subfield code="a">Salili, Cheryl T.</subfield>
   <subfield code="e">author.</subfield>
  </datafield>
  <datafield tag="245" ind1="1" ind2="0">
   <subfield code="a">The Values School of Davao</subfield>
   <subfield code="b">strategic plan</subfield>
   <subfield code="c">Cheryl T. Salili.</subfield>
  </datafield>
  <datafield tag="264" ind1=" " ind2="1">
   <subfield code="a">Davao City</subfield>
   <subfield code="b">School of Management, University of the Philippines Mindanao</subfield>
   <subfield code="c">c2010.</subfield>
  </datafield>
  <datafield tag="300" ind1=" " ind2=" ">
   <subfield code="a">xi, 79 leaves</subfield>
   <subfield code="b">illustrations</subfield>
  </datafield>
  <datafield tag="500" ind1=" " ind2=" ">
   <subfield code="a">Thesis, Graduate (Master in Management)--University of the Philippines, Mindanao, March 2010.</subfield>
  </datafield>
  <datafield tag="520" ind1=" " ind2=" ">
   <subfield code="a">Values School of Davao was first established in 1994. Its owner, Ma?am Aida Lacsamana Reyes drew her inspiration from her mother, the late Vicenta Alcantara Lacsamana, who established the Light Bringer School in the sixties. It is the school?s vision that character development and values formation is as much important as academic excellence. It carries with it two generations of teachers who are dedicated and committed. Presently, the school has already two campuses, its main campus in Matina, and another campus in Marfori. The school offers classes for preschool and elementary. With their new building in Matina campus, Values School tries to live up to its name and continues to evolve and grow to meet the constantly changing needs of the students and the school. With its current Vision, Mission, Philosophy, present challenges and opportunities, this paper had set the school?s direction for the next five years. Using Fred David?s Strategic Management Framework, this paper examined the internal and external factors for Values School of Davao to assess its present condition. After gathering all necessary information, setting of goals for the organization based on its vision was made. These goals will determine where the organization would want to go, provide the basic direction for the activities of the school for the next five years in pursuit of its mission. Tools like SWOT Matrix, IE Matrices, and the QSPM were used to formulate strategies. Applying the QSPM, different strategic alternatives (Product Development, Market Penetration, and Operational Efficiency) were ranked to choose which one will help the organization attain its goals and objectives. In the implementation stage, proper implementation of the identified programs that will address the goals and objectives of the organization will be done accordingly. With continuous effort for market penetration, product development, and operational efficiency, this paper will closely monitor progress through development of control system and key result areas.</subfield>
  </datafield>
  <datafield tag="658" ind1=" " ind2=" ">
   <subfield code="a">Policy and Strategic Planning</subfield>
   <subfield code="c">M241.</subfield>
  </datafield>
  <datafield tag="700" ind1="1" ind2=" ">
   <subfield code="a">Concepcion, Sylvia B.</subfield>
   <subfield code="e">adviser.</subfield>
  </datafield>
  <datafield tag="700" ind1="1" ind2=" ">
   <subfield code="a">Soledad, Miguel D.</subfield>
   <subfield code="e">adviser.</subfield>
  </datafield>
  <datafield tag="905" ind1=" " ind2=" ">
   <subfield code="a">UP</subfield>
  </datafield>
  <datafield tag="852" ind1="0" ind2=" ">
   <subfield code="a">UPMIN</subfield>
   <subfield code="b">UPMIN-MAIN</subfield>
   <subfield code="h">LG993.2 2010 M21</subfield>
   <subfield code="i">S25</subfield>
  </datafield>
  <datafield tag="942" ind1=" " ind2=" ">
   <subfield code="a">Thesis</subfield>
  </datafield>
 </record>
</collection>
